Clash Royale General Knowledge - Statistics

General Stats
  • This quiz has been taken 1,356 times
    1,278 since last reset
  • The average score is 11 of 20
Answer Stats
Question Answer % Correct
What's the cheapest legendary? The Log
91%
What elixir cost is the most expensive rare card in the game? 9
86%
What champion is the cheapest to place down? Little Prince
86%
Which card is considered a troop? Miner
83%
What card has the most health at level 11? Golem
82%
Out of these 5 cards, which has the longest range? Mortar
80%
What was the newest card to be added into the game? Vines
74%
How many 1 elixir cards are currently in the game? 5
72%
Out of these 3 champions, which has the cheapest ability cost? Monk
66%
What is the highest level a single card can reach in a battle? There is no limit
61%
What is the attack range of the balloon? 0 tiles
55%
What is the maximum number of evolved skeletons that can be on the area? 8
47%
What card does the least amount of damage at level 11? Tornado
47%
Assuming it never gets damaged, how much elixir will an elixir collector produce? 8
45%
When Supercell teased the release of the Goblin Drill what rarity was it shown to be? Legendary
42%
What is arena 4 called? Spell Valley
40%
Which of these cards have had their elixir cost changed from 6? Cannon
31%
When did Clash Royale release globally? Mar 2016
26%
Out of these 4, which evolution was first to come out? Royal Giant
22%
Out of these 4, which card is the newest? Ice Golem
13%
No matching quizzes found
Score Distribution
Percent of People with Each Score
Percentile by Number Answered
Your Score History
You have not taken this quiz since the last reset